02562cam a22003015a 4500999001700000001000900017005001700026008004100043010001700084020001800101035002400119040005200143082002000195245006800215260008100283300002500364490005400389504005100443505067700494520079801171650003701969651001002006653002202016655001702038700003402055942000802089952016302097 c27232d272031962585220190314101345.0170505t2017 xxk frb 001 0 eng d a 2017941913 z9781847203670 a(OCoLC)ocn986972762 aYDXbengcYDXdBTCTAdCDXdOCLCOdDLCdEG-ScBUE04a340.11bMET22200aMethodologies of law and economics /cedited by Thomas S. Ulen. aCheltenham, UK ;a Northampton, MA, USA :bEdward Elgar Publishing,cc.2017. avi, 285 p. ;c25 cm.0 aEncyclopedia of law and economics (2nd ed.) ;v10 aIncludes bibliographical references and index.0 aThe changing methodologies of law and economics / Thomas S. Ulen -- The use of eonomics for understanding law : an economist's view of the cathedral / Thomas J. Miceli -- A public choice perspective / Maxwell L. Stearns -- A social choice view of law and economics / Maxwell L. Stearns and Megan J. McGinnis -- Legal philosophy and law and economics / Horacio Spector -- Economic analysis of legal history / Daniel Klerman -- Evolutionary dynamics theory and method / Daria Roithmayr -- A law and economics perspective on legal families / Nuno Garoupa and Mariana Pargendler -- Behavioral law and economics / Thomas S. Ulen -- Empirical law and economics / Thomas S. Ulen. a"When law and economics first became an important part of the legal academy, it was a relatively straightforward application of microeconomic theory to legal issues. However, in the past 40 years the field has expanded its toolkit dramatically. This...[book] maps the methodological territory in law and economics with a series of entries by distinguished scholars. These entries introduce and evaluate the law and economics mechanisms, including: the roles of microeconomic theory, public and social choice, history, complexity theory, philosophy, comparative law studies, behavioral economics and empirical techniques. Each one introduces a methodology, demonstrates its importance to the field of law and economics and assists the reader in navigating the leading literature on that topic." 7aLaw and economics.2BUEsh935740 2BUEsh bLLAAWWcMarch2019 vReading book1 aUlen, Thomas,eeditor.941420 2ddc 00102ddc40708BaccahaMAINbMAINc1STd2019-03-14ePurchaseg2250.00l3m4o340.11 METp000044371q2024-04-11r2024-02-14 00:00:00s2024-02-14v2812.50yBB